Loading...
| History - European | 0 | 6 | 0 | 1 | 60 | 71 | 97.50 | 5 | 6 | 0.00 | 0.00 |
| History - Other | 0 | 5 | 0 | 1 | 50 | 73 | 101.20 | 4 | 5 | 0.00 | 0.00 |
| Fine Arts - Other | 0 | 3 | 0 | 0 | 30 | 90 | 96.00 | 2 | 3 | 0.00 | 0.00 |
| Science - Other | 0 | 3 | 0 | 1 | 30 | 61 | 86.33 | 1 | 3 | 0.00 | 0.00 |
| Religion | 0 | 3 | 1 | 1 | 25 | 52 | 101.67 | 3 | 3 | 0.00 | 0.00 |
| History - World | 0 | 3 | 1 | 1 | 25 | 69 | 100.33 | 2 | 3 | 0.00 | 0.00 |
| Pop Culture | 0 | 2 | 0 | 0 | 20 | 97 | 97.00 | 2 | 2 | 0.00 | 0.00 |
| Science - Physics | 0 | 1 | 0 | 0 | 10 | 124 | 124.00 | 0 | 1 | 0.00 | 0.00 |
| Current Events | 0 | 1 | 0 | 0 | 10 | 118 | 118.00 | 0 | 1 | 0.00 | 0.00 |
| History - American | 0 | 1 | 0 | 0 | 10 | 88 | 88.00 | 1 | 1 | 0.00 | 0.00 |
| Literature - American | 0 | 1 | 0 | 0 | 10 | 115 | 115.00 | 1 | 1 | 0.00 | 0.00 |
| Mythology | 0 | 1 | 0 | 0 | 10 | 105 | 105.00 | 0 | 1 | 0.00 | 0.00 |
| Other Academic | 0 | 1 | 0 | 0 | 10 | 131 | 131.00 | 1 | 1 | 0.00 | 0.00 |
| Philosophy | 0 | 1 | 0 | 0 | 10 | 66 | 66.00 | 0 | 1 | 0.00 | 0.00 |
| Science - Chemistry | 0 | 1 | 0 | 0 | 10 | 110 | 110.00 | 0 | 1 | 0.00 | 0.00 |
| Social Science | 0 | 0 | 1 | 0 | -5 | 0.00 | 0 | 0 | 0.00 | 0.00 |